Countries and World Capitals Starting With K - One Minute Sprnit - Statistics

General Stats
  • This quiz has been taken 49 times
  • The average score is 11 of 17
Answer Stats
country/capital % Correct
Kenya
95%
Kazakhstan
90%
Kyrgyzstan
90%
Kiribati
79%
Kuwait
77%
Kosovo
72%
Kuwait City
64%
Kathmandu
56%
Kampala
54%
Kinshasa
54%
Kiev
51%
Kigali
51%
Kabul
49%
Kingston
46%
Kuala Lumpur
44%
Khartoum
41%
Kingstown
41%
No matching quizzes found
Score Distribution
Percent of People with Each Score
Percentile by Number Answered
Your Score History
You have not taken this quiz